Trade and development report 2009.
| Corporate Author: | |
|---|---|
| Format: | Book |
| Published: |
Geneva:
United Nations,
2009.
|
| Subjects: |
| LEADER | 00449cam a2200145 7i4500 | ||
|---|---|---|---|
| 001 | 0000023856 | ||
| 005 | 20091119090000.0 | ||
| 020 | 0 | 0 | |a 978-92-1-112776-8 |
| 090 | 0 | 0 | |a I 3330.9 |b UNI |
| 110 | 2 | 0 | |a United Nations Conference on Trade and Development |
| 245 | 2 | 0 | |a Trade and development report 2009. |
| 260 | 0 | 0 | |a Geneva: |b United Nations, |c 2009. |
| 300 | # | # | |a [v.p]. |
| 650 | 0 | 0 | |a International trade |
| 999 | |a 0000025568 |b Book |c International |e Business Information Centre | ||


